Claude-Nicolas Ledoux, 1736-1806; (Record no. 3068)

MARC details
000 -LEADER
fixed length control field 01100cam a22002891 4500
001 - CONTROL NUMBER
control field af 47005347
003 - CONTROL NUMBER IDENTIFIER
control field DLC
005 - DATE AND TIME OF LATEST TRANSACTION
control field 20260227110831.0
008 - FIXED-LENGTH DATA ELEMENTS--GENERAL INFORMATION
fixed length control field 770314s1946 fr abce b 000 0 fre c
010 ## - LIBRARY OF CONGRESS CONTROL NUMBER
LC control number af 47005347
035 ## - SYSTEM CONTROL NUMBER
System control number (OCoLC)2800825
040 ## - CATALOGING SOURCE
Original cataloging agency Harvard Univ. Library
Transcribing agency NAlfC
Modifying agency OCoLC
-- DLC
042 ## - AUTHENTICATION CODE
Authentication code premarc
050 00 - LIBRARY OF CONGRESS CALL NUMBER
Classification number NA1053.L4
Item number R3
082 ## - DEWEY DECIMAL CLASSIFICATION NUMBER
Classification number 720.81
100 1# - MAIN ENTRY--PERSONAL NAME
Personal name Raval, Marcel Hubert.
245 00 - TITLE STATEMENT
Title Claude-Nicolas Ledoux, 1736-1806;
Statement of responsibility, etc. commentaires, cartes et croquis de J.-Ch. Moreux ... 406 photos et documents ...
260 ## - PUBLICATION, DISTRIBUTION, ETC.
Place of publication, distribution, etc. Paris,
Name of publisher, distributor, etc. Arts et métiers graphiques
Date of publication, distribution, etc. [1946]
300 ## - PHYSICAL DESCRIPTION
Extent 242 p., 6 l. incl. front., illus. (incl. facsims.) plates (part double) maps, plans (part double) plates, ports.
Dimensions 27 x 22 cm.
490 0# - SERIES STATEMENT
Series statement "Les Architectes français," collection dirigée par Marcel Raval.
Volume/sequential designation t. I
500 ## - GENERAL NOTE
General note At head of title: ... Marcel Raval.
500 ## - GENERAL NOTE
General note "Copyright 1945."
504 ## - BIBLIOGRAPHY, ETC. NOTE
Bibliography, etc. note "Bibliographie": p. [243]-[245]
600 10 - SUBJECT ADDED ENTRY--PERSONAL NAME
Personal name Ledoux, Claude Nicolas,
Dates associated with a name 1736-1806.
650 #0 - SUBJECT ADDED ENTRY--TOPICAL TERM
Topical term or geographic name entry element Architecture
Geographic subdivision France.
700 1# - ADDED ENTRY--PERSONAL NAME
Personal name Moreux, Jean-Charles,
Dates associated with a name 1889-

No items available.

Powered by Koha